| 000 | 03703cam a2200469 a 4500 | ||
|---|---|---|---|
| 001 | 7982478 | ||
| 003 | ARRUPE | ||
| 005 | 20160225152203.0 | ||
| 008 | 100618s2010 nyu b 001 0 eng | ||
| 010 | _a 2010025329 | ||
| 020 | _a9780521764094 (hardback) | ||
| 020 | _a0521764092 (hardback) | ||
| 020 | _a9780521152389 (pbk. : alk. paper) | ||
| 020 | _a0521152380 (pbk. : alk. paper) | ||
| 024 | _a99939112275 | ||
| 035 | _a(OCoLC)635480711 | ||
| 035 | _a(OCoLC)ocn635480711 | ||
| 035 | _a(NNC)7982478 | ||
| 040 |
_aDLC _cDLC _dBTCTA _dYDXCP _dNNC _dOrLoB-B |
||
| 042 | _apcc | ||
| 043 |
_as-bl--- _af------ _asa----- |
||
| 050 | 0 | 0 |
_aHT1129.A426 _bH39 2010 |
| 082 | 0 | 0 |
_a306.3/6209811 _222 |
| 100 | 1 |
_aHawthorne, Walter. _922462 |
|
| 245 | 1 | 0 |
_aFrom Africa to Brazil : _bculture, identity, and an Atlantic slave trade, 1600-1830 / _cWalter Hawthorne. |
| 260 |
_aNew York : _bCambridge University Press, _c2010. |
||
| 263 | _a1009 | ||
| 300 |
_axxi, 259 p. : _bill., maps ; _c23 cm. |
||
| 490 | 1 |
_aAfrican studies ; _v113 |
|
| 504 | _aIncludes bibliographical references and index. | ||
| 505 | 0 | 0 |
_g1. _tFrom Indian to African Slaves -- _g2. _tSlave Production -- _g3. _tFrom Upper Guinea to Amazonia -- _g4. _tLabor over "Brown" Rice -- _g5. _tViolence, Sex, and the Family -- _g6. _tSpiritual Beliefs. |
| 520 | _a"From Africa to Brazil traces the flows of enslaved Africans from identifiable points in the broad region of Africa called Upper Guinea to Amazonia, Brazil. These two regions, though separated by an ocean, were made one by a slave route. Walter Hawthorne considers why planters in Amazonia wanted African slaves, why and how those sent to Amazonia were enslaved, and what their Middle Passage experience was like. The book is also concerned with how Africans in diaspora shaped labor regimes, determined the nature of their family lives, and crafted religious beliefs that were similar to those they had known before enslavement. This study makes several broad contributions. It presents the only book-length examination of African slavery in Amazonia and identifies with precision the locations in Africa from where members of a large diaspora in the Americas hailed. From Africa to Brazil also proposes new directions for scholarship focused on how immigrant groups created new or recreated old cultures"-- | ||
| 520 | _a"From Africa to Brazil traces the flows of enslaved Africans from identifiable points in the broad region of Africa called Upper Guinea to Amazonia, Brazil. These two regions, though separated by an ocean, were made one by a slave route. Walter Hawthorne considers why planters in Amazonia wanted African slaves, why and how those sent to Amazonia were enslaved, and what their Middle Passage experience was like. The book is also concerned with how Africans in diaspora shaped labor regimes, determined the nature of their family lives, and crafted religious beliefs that were similar to those they had known before enslavement. This study makes several broad contributions. It presents the only book-length examination of African slavery in Amazonia and identifies with precision the locations in Africa from where members of a large diaspora in the Americas hailed. From Africa to Brazil also proposes new directions for scholarship focused on how immigrant groups created new or recreated old cultures"-- | ||
| 650 | 0 |
_aSlaves _zAmazon River Region _xHistory. _922463 |
|
| 650 | 0 |
_aSlave trade _zAfrica _xHistory. _922464 |
|
| 650 | 0 |
_aAfrican diaspora _xHistory. _92503 |
|
| 830 | 0 |
_aAfrican studies ; _v113. _922465 |
|
| 900 | _bTOC | ||
| 942 |
_2lcc _cMONOGRAPH |
||
| 948 | 1 |
_a20101007 _bc _cjeb52 _dMPS |
|
| 948 | 2 |
_a20110811 _ba _cdc21 _dMPS |
|
| 999 |
_c124219 _d124219 |
||